000 00988nam a22002777a 4500
001 32808
003 AR-RoBPED
005 20260605171319.0
008 260601s2020 ag a|||| |||| 000 0 spa d
020 _a9789502329314
040 _aAR-RoBPED
041 _aspa
100 _aPietrantuono, Ana Laura
_d1981-
_930966
245 1 _a¿Querés saber más sobre las mariposas? :
_b¿y sobre otros insectos que se transforman? /
_cAna Laura Pietrantuono ; ilustraciones de Rosario Oliva; directora de colección Paula Bombara.
260 _aBuenos Aires :
_bEudeba,
_c2020.
300 _a32 p. :
_bil.
490 0 _a(Querés saber?)
650 4 _aLITERATURA INFANTIL
_9168
650 4 _aCIENCIAS NATURALES
_9535
650 4 _aINSECTOS
_92338
650 4 _aANIMALES
_94284
700 _aOliva, Rosario
_d1981-
_930967
_eilust.
700 1 _aBombara, Paula
_d1972-
_916481
_edir. col.
942 _2udc
_ak. 32808
_cBK
_h595.7
_kI
_mP 54
_pinv. 42481
999 _c32808
_d32808